Biblioteca

La Pax Romana y el día del Señor - 1 Tesalonicenses 5: 1-11 (Registro nro. 62383)

Detalles MARC
000 -LÍDER
Campo fijo de descripción fija 01253cab a2200301 i 4500
001 - NÚMERO DE CONTROL
Campo de control 768714001
003 - IDENTIFICADOR DEL NÚMERO DE CONTROL
Campo de control CO-MdFUSB
005 - FECHA Y HORA DE LA ULTIMA TRANSACCIÓN
control field 20230112141553.0
008 - ELEMENTOS DE LONGITUD FIJA -- INFORMACIÓN GENERAL
Campo fijo de descripción fija -- Información general 161116s2007 gt ||||| |||| 00| 0 spa d
022 ## - NÚMERO INTERNACIONAL NORMALIZADO PARA PUBLICACIONES SERIADAS
Número Internacional Normalizado para Publicaciones Seriadas 1014-9341
040 ## - FUENTE DE CATALOGACIÓN
Agencia Catalogadora CO-MdFUSB
Idioma de catalogación spa
Agencia que realiza la transcripción CO-MdFUSB
Agencia que realiza la modificación CO-MdFUSB
041 ## - CÓDIGO DE IDIOMA
Código de idioma para texto/pista de sonido o título separado spa
100 1# - ASIENTO PRINCIPAL--NOMBRE PERSONAL
Nombre personal Green, Eugenio
Término relacionador autor
245 00 - TÍTULO
Título La Pax Romana y el día del Señor - 1 Tesalonicenses 5: 1-11
Mención de responsabilidad / Eugenio Green
300 ## - DESCRIPCIÓN FÍSICA
Extensión Número 41 (Julio - Diciembre, 2007), páginas 9-27
Dimensiones ; 22 cm
520 ## - NOTA DE RESUMEN, ETC.
Nota de sumario, etc. Los ciudadanos de Tesalónica apreciaban los beneficios que recibían de los benefactores romanos que vivían allí y del emperador. Por eso el mensaje anti-imperial del evangelio provocó una persecución recia contra la iglesia en la ciudad.
630 07 - PUNTO DE ACCESO ADICIONAL DE MATERIA - TÍTULO UNIFORME
Título uniforme Biblia.
Parte o sección de la obra Tesalonicenses, 1ª
Subdivisión de materia general Crítica, interpretación, etc.
650 #7 - ASIENTO SECUNDARIO DE MATERIA - TERMINO TEMÁTICO
9 (RLIN) 320
Término temático o nombre geográfico como elemento de entrada Teología bíblica
653 ## - TÉRMINO DE INDIZACIÓN - NO CONTROLADO
Término no controlado 1 Tesalonicenses
653 ## - TÉRMINO DE INDIZACIÓN - NO CONTROLADO
Término no controlado Pax romana
653 ## - TÉRMINO DE INDIZACIÓN - NO CONTROLADO
Término no controlado Día del Señor
653 ## - TÉRMINO DE INDIZACIÓN - NO CONTROLADO
Término no controlado Paz
653 ## - TÉRMINO DE INDIZACIÓN - NO CONTROLADO
Término no controlado Seguridad
653 ## - TÉRMINO DE INDIZACIÓN - NO CONTROLADO
Término no controlado Sobrio
773 0# - ASIENTO DE ITEM FUENTE
Título Kairós
Biblionumber 49489
Itemnumber 61217
Parte(s) relacionada(s) / Volumen., número. (mes año), páginas Número 41 (Julio - Diciembre, 2007), páginas 9-27
Enumeración y primera página Página 9
773 0# - ASIENTO DE ITEM FUENTE
Título Kairós
Biblionumber 49489
Itemnumber 61215
Parte(s) relacionada(s) / Volumen., número. (mes año), páginas Número 41 (Julio - Diciembre, 2007), páginas 9-27
Enumeración y primera página Página 9
942 ## - TIPO DE MATERIAL (KOHA)
Tipo de Item KOHA Artículos de Revista

No hay ítems disponibles.

Biblioteca FUSBC | Teléfono: (57+4) 349 88 10 Ext. 141| WhatsApp (+57) 3005338115 
E-mail: biblioteca@unisbc.edu.co | Calle 76 87-14 Robledo Palenque, Medellín, Colombia

Con tecnología Koha